00613 2200229 4500001002100000005001500021035002000036007000300056008004100059020001800100082001000118084001600128100001700144245002400161250001900185260003500204500008400239650002700323856001700350990000800367990000800375INLIS00000000000017920220217085359 a0010-0222000057ta220217 g 0 ind  a9789796623990 a297.1 a297.1 ROS m0 aRosid Kusnan1 aMengenal Kitab Suci aCetakan ke - 2 aKlaten :bCempaka Putih,c2009 aBeriman kepada kitab suci merupakan salah satu rukun keimanan kita kepada Allah 4aKitab Suci Agama Islam aKoleksi Umum a664 a665